000 00764nam a22002417a 4500
005 20151109111127.0
008 151109b agu||||| |||| 00| 0 spa d
020 _a9505183658
050 4 _aB995.T31
_bL53 2005
100 1 _aTaylor, Charles,
245 1 3 _aLa libertad de los modernos /
_cde Lara, Philippe comp.
250 _a1a ed.
260 _aBuenos Aires :
_bEditores,
_c2005.
300 _a305 p. ;
_c23 cm.
490 0 _aFilosofía / Amorrortu.
500 _aTraducción de : La liberté des modernes.
504 _aIncluye índice
650 4 _aEtica
_xDiscursos, ensayos, conferencias.
650 4 _aLibertad
_xDiscursos, ensayos, conferencias.
650 4 _aFilosofía
700 _ade Lara, Philippe
_ecomp.
942 _2lcc
_cLIB
999 _c107907
_d107907